000 00586nam a2200205Ia 4500
008 140626s9999 xx 000 0 und d
100 _aGuibe, Eulalio III.
245 _aTablay at banua ng mga kabataang Tagbanua Calamianen sa hilagang Palawan :
_b mga tablay ng banua, mga pagbabanua ng tablay /
_c Eulalio III.Guibe
260 _cc2011.
300 _a8 : 2, page 1
440 _aPlaridel
521 _aMC
650 _aBanua.
650 _aDagat ninuno.
650 _aPalawan.
650 _aTablay.
650 _aTagbanua Calamianen.
650 _aTaytay.
942 _cSE
999 _c121243
_d121243